Statistics for Africa Geography by Letter - K

Click here to take the quiz!

General Stats

  • This quiz has been taken 115 times
  • The average score is 10 of 20

Answer Stats

HintAnswer% Correct
Tallest mountain in AfricaMount Kilimanjaro
98%
Country with the biggest economy in East AfricaKenya
97%
Capital city of DR Congo; one of the fastest growing cities in the worldKinshasa
95%
Capital city of SudanKhartoum
91%
Capital and largest city of UgandaKampala
89%
Capital and largest city of RwandaKigali
88%
City in northern Nigeria that is the second largest city in the countryKano
69%
Second largest city in Ghana, known as the "Garden City"Kumasi
45%
South African national park which has more species of large mammals than any other game reserveKruger National Park
41%
One of Rwanda's official languagesKinyarwanda
36%
One of Burundi's official languagesKirundi
34%
One of the African Great Lakes, lying between DR Congo and RwandaLake Kivu
34%
Language spoken by around 7 million people in Angola, DR Congo, Congo, and GabonKongo
29%
City in DR Congo which is the farthest inland navigable point of the Congo RiverKisangani
23%
Former capital of Northern NigeriaKaduna
22%
The large southeastern region of DR CongoKatanga
19%
Capital of one of the above provincesKananga
16%
The third largest city in the above country; located on Africa's largest lakeKisumu
16%
Tributary of the Congo River, which is the namesake of two of DR Congo's provincesKasaï
13%
Creole language based on the aboveKituba
7%

Score Distribution

Percentile by Number Answered

Percent of People with Each Score

Your Score History

You have not taken this quiz